| 000 | 00635nam a22001817a 4500 | ||
|---|---|---|---|
| 999 |
_c178533 _d178533 |
||
| 005 | 20210406103658.0 | ||
| 010 | _aENG-129369 | ||
| 020 |
_a978-93-90627-06-6 _c500.00 |
||
| 035 | _aEN-112901 | ||
| 037 | _bDBAD/PUB | ||
| 082 | _a370 | ||
| 100 | _aPadhi, Sanjukta | ||
| 245 |
_aThe Role of Need Saliency Theory in University Teachers/ _cSanjukta Padhi |
||
| 260 |
_bKrishna Publication House _aGujrat _c2020 |
||
| 270 |
_aNo. 303, Yash Kunj Apartment, Devbaug, Anantwadi, Bhavnagar _bGujrat _e364002 _mkrishnapublication62@mail.com |
||
| 300 |
_ax+109p. _c21cm(pbk) _bincluding tables. |
||
| 942 |
_2ddc _cEN _h370 _mPAD |
||